| 000 | 00679nam a22002297a 4500 | ||
|---|---|---|---|
| 999 |
_c1271 _d1271 |
||
| 001 | 1271 | ||
| 003 | BD-JhCC | ||
| 005 | 20171023103303.0 | ||
| 008 | 171017s2004 bg a|||| ||a| 00| 0 bg d | ||
| 020 | _a984868302 X | ||
| 035 | _a(BD-JhCC)1271 | ||
| 040 |
_aBD-JhCC _dBD-JhCC |
||
| 041 | _aben | ||
| 082 |
_222 _a421.1 _bRAI 2004 |
||
| 100 | _aরায়হান, রোমেন | ||
| 245 |
_aবর্ণমালায় কম্পিউটার / _cরোমেন রায়হান |
||
| 260 |
_aঢাকা : _bঅন্যপ্রকাশ, _c2004. |
||
| 300 |
_a13 p. : _bills; _c23 cm. |
||
| 650 | _aComputer Aphabet | ||
| 942 |
_2ddc _cBK |
||